language and mind
Gespeichert in:
| 1. Verfasser: | |
|---|---|
| Format: | Buch |
| Sprache: | Englisch |
| Veröffentlicht: |
Nueva York
Harcourt, Brace
1968
|
| Schlagworte: | |
| Tags: |
Tag hinzufügen
Keine Tags, Fügen Sie den ersten Tag hinzu!
|
MARC
| LEADER | 00000nam a2200000 a 4500 | ||
|---|---|---|---|
| 001 | UCI2047 | ||
| 003 | CL-VaPUC | ||
| 008 | 070803e19680000US |||||||||||||||||eng|d | ||
| 082 | 0 | 4 | |a 401.9 |b CHO |2 21 |
| 100 | 0 | |a Chomsky, Noam |e author |9 320717 | |
| 245 | 1 | 0 | |a language and mind |
| 300 | |a 88 p | ||
| 942 | |c BK | ||
| 945 | |d 20070803 00:00:00 |a rbrito | ||
| 260 | |a Nueva York |b Harcourt, Brace |c 1968 | ||
| 650 | 0 | |a Lingüística |9 265068 | |
| 650 | 0 | |a Mente |9 330838 | |
| 650 | 0 | |a Psicolingüística |9 283371 | |
| 650 | 7 | |a HABLA |2 CL-VaPUC |9 311668 | |
| 650 | 0 | |a Análisis del habla |9 342630 | |
| 650 | 0 | |a Desarrollo del lenguaje |9 311270 | |
| 650 | 7 | |a HABITOS DEL HABLA |2 CL-VaPUC |9 335780 | |
| 650 | 7 | |a PSICOLOGIA DE LA COMUNICACION |2 CL-VaPUC |9 332059 | |
| 583 | |a last modification |c 20070803 00:00:00 |k Rodrigo Vera | ||
| 999 | |c 326694 |d 326692 | ||
| 952 | |0 0 |1 0 |4 0 |6 401_900000000000000_CHO_1968 |7 0 |8 A |9 408796 |a FDOPOS |b FDOPOS |d 2019-11-22 |i 4361156 |o 401.9 CHO 1968 |p 4361156 |r 2025-01-22 |w 2019-11-22 |y BK |k MLA | ||